|
|
|
|
| LEADER |
00000nab a2200000 a 4500 |
| 001 |
vtls000637789 |
| 005 |
20260306103833.0 |
| 008 |
160322c1997 xo 0 ukr |
| 015 |
|
|
|a SNBRB19rr/mm-uuuuu
|
| 035 |
|
|
|a CL0637928
|
| 040 |
|
|
|a SNKBUCL
|b slo
|c SNKBUCL
|e AACR2
|
| 041 |
0 |
|
|a ukr
|
| 044 |
|
|
|a xo
|c SK
|
| 080 |
|
|
|a 75.071.1
|2 1981
|
| 080 |
|
|
|a 730.071.1
|2 1981
|
| 080 |
|
|
|a 929 Hapak, Stepan
|2 1981
|
| 100 |
1 |
|
|a Zozuľák, Alexander,
|d 1953-
|4 aut
|9 103738
|
| 245 |
1 |
0 |
|a Končina prof. Štefana Hapaka
|c Aleksander Zozuljak
|
| 600 |
1 |
7 |
|a Hapák, Štefan,
|d 1921-1997
|2 SNKMA
|9 114330
|
| 655 |
|
7 |
|a nekrológy
|2 SNKPH
|9 402542
|
| 655 |
|
7 |
|a články z novín a časopisov
|2 SNKPH
|9 267496
|
| 773 |
0 |
|
|t Narodny novynky
|g Roč. 7, č. 13-14 (1997), s. 1
|
| 852 |
|
|
|a SNK
|
| 958 |
|
|
|a RN
|
| 958 |
|
|
|a BX
|
| 958 |
|
|
|a SK
|
| 958 |
|
|
|a RK
|
| 958 |
|
|
|a RBX
|
| 999 |
|
|
|c 3237471
|d 3239401
|